| 000 | 00859nam a2200241 a 4500 | ||
|---|---|---|---|
| 001 | BRCA_1799 | ||
| 005 | 20190320203544.0 | ||
| 008 | 000517s1999 mx-a---##b---#000-0#spa-# | ||
| 020 | _a9687009918 | ||
| 040 |
_aDLC _cDLC |
||
| 050 | 4 |
_aNA7515.M4 _b.C37 1999 |
|
| 245 | 1 | 0 |
_aCasas señoriales del Banco Nacional de México _cClara Bargellini ... [et al.]. |
| 260 |
_aMéxico _bGrupo Financiero Banamex-Accival : Fomento Cultural Banamex _c1999 |
||
| 300 |
_a251 p. _bil. a color _c33 cm. |
||
| 500 | _aColección Sonia Corcuera de Mancera | ||
| 504 | _aBibliografía: p. 245-249 | ||
| 610 | 2 | 4 |
_aBanco Nacional de México _93603 |
| 650 | 1 | 4 |
_aMansiones _xRemodelación para otros usos _zMéxico _95607 |
| 650 | 1 | 4 |
_aArquitectura colonial _xConservación y restauración _zMéxico _95608 |
| 700 | 1 |
_aBargellini, Clara _92612 |
|
| 902 | _aDSC | ||
| 942 |
_2lcc _cB |
||
| 999 |
_c1580 _d1580 |
||